|
|
|
|
| LEADER |
00000cam a2200000 7i4500 |
| 001 |
0000012059 |
| 005 |
20241018.0 |
| 008 |
030829 flua eng |
| 020 |
|
|
|a 1558748903 (pbk)
|
| 040 |
|
|
|a INS
|b eng
|e rda
|
| 090 |
0 |
0 |
|a PN6071.M7
|b C48 2001
|
| 100 |
1 |
|
|a Canfield, Jack ,
|e author
|
| 245 |
1 |
0 |
|a Chicken Soup for the Mother's Soul 2 :
|b More Stories to Open the Hearts and Rehindle the Spirits of Mothers
|c Jack Canfield, Mark Victor Hansen, Marci Shimoff, Carol Khine
|
| 264 |
|
1 |
|a Florida :
|b Health Communication
|c 2001
|
| 300 |
|
|
|a xx, 383 pages :
|b illustrations ;
|c 22 cm.
|
| 336 |
|
|
|a text
|2 rdacontent
|
| 337 |
|
|
|a unmediated
|2 rdamedia
|
| 338 |
|
|
|a volume
|2 rdacarrier
|
| 650 |
|
0 |
|a Motherhood
|x Literary collections
|
| 650 |
|
0 |
|a Mothers
|x Literary collections
|
| 700 |
1 |
|
|a Hansen, Mark Victor ,
|e author
|
| 700 |
1 |
|
|a Khine, Carol ,
|e author
|
| 700 |
1 |
|
|a Shimoff, Marci ,
|e author
|
| 999 |
|
|
|a 0000012577
|b BOOK
|c Open Shelf
|e Default branch
|